Hlavolamy, čo lámu hlavy

Saved in:
Bibliographic Details
Main Author: Goga, Marián
Format: Book
Language:Slovak
Published: Bratislava Vydavateľstvo DAXE 2010
Subjects:
Tags: Add Tag
No Tags, Be the first to tag this record!

MARC

LEADER 00000nam a2200000 4500
001 0124979
005 20240502072423.8
020 |a 978-80-89429-07-3 
041 0 |a slo 
044 |a SK 
245 1 0 |a Hlavolamy, čo lámu hlavy  |c Marián Goga 
264 1 |a Bratislava  |b Vydavateľstvo DAXE  |c 2010 
300 |a 356 s. [17,80 AH] 
610 2 0 |a kreativita 
610 2 0 |a logika 
610 2 0 |a logika matematická 
610 2 0 |a vedomosti 
610 2 0 |a hry logistické 
100 1 |a Goga, Marián